000 00569nam a2200169 i 4500
001 55898
003 ES-MaACL
005 20230906163236.0
007 t|
008 030930s1962 sp ||||1| cat d
100 1 _aDíaz y Carbonell, Romualdo M.
_944459
245 1 0 _aDom Bonaventura Ubach
_b: L'home, el monjo, el biblista /
_cRomualdo M. Díaz i Carbonell ; proleg Aureli M. Escarré.
260 _aBarcelona :
_bAedos,
_c1962.
300 _a152 p., 10 lám. ;
_c22 cm.
700 1 _aAureli M. Escarré (
_d1908-1968)
_947520
852 _aES-MaACL
_jC-22532
_bR.51270
999 _c55898
_d55898